| 000 | 00554nam a2200217Ia 4500 | ||
|---|---|---|---|
| 003 | OSt | ||
| 005 | 20220928145341.0 | ||
| 006 | a|||||r|||| 00| 0 | ||
| 007 | ta | ||
| 008 | 220927b |||||||| |||| 00| 0 eng d | ||
| 024 | _a80408 | ||
| 037 | _cTextual | ||
| 040 |
_aSDCL _cSDCL _beng |
||
| 041 |
_2eng _aeng |
||
| 082 | _aW691, M7 | ||
| 100 |
_aBeilharz Peter _9512789 |
||
| 245 | 0 | _aTrotosky, trotskyism and the transition to sociolism. | |
| 260 | _c1987 | ||
| 942 |
_hW691, M7 _cTEXL _2CC |
||
| 999 |
_c833440 _d833440 |
||